000 00616nam a2200217 a 4500
005 20140310183154.0
008 000518s19uu xx 00 eng d
020 _a9812140980
050 _aZ 52.5.M523
_b.N456 1994
100 _aNeibauer, Alan R.
245 _aThe Pushbutton guide to word 6 for windows /
_cAlan NeiBauer.
250 _aAuthorised Ed.
260 _aSingapore :
_bTech Publications,
_c1994.
300 _axxi, 246 p. :
_bill. ;
_c21 cm.
520 _aincludes index.
521 _aIT
650 _aWord for windows
650 _aComputer programs
942 _cBK
_2lcc
_kFOR
999 _c19724
_d19724